00389nam a2200145Ia 4500003000900000008004100009040001600050080001600066100001800082245004300100260003500143300001500178650002900193650002100222IN-BaIIA211028s9999 xx 000 0 eng d cIIA Library a658.31bMUT aMuthuswamy, P 0aGeneral financial rulescP. Muthuswamy aMadrasbSwamy Publishersc1971 axvi, 263p. aCentral Government Rules aOthers Thesaurus